| 000 | 01465cad a22002535a 4500 | ||
|---|---|---|---|
| 001 | E150640 | ||
| 008 | 100806s2010 xxk f 000 0 eng d | ||
| 020 | _a9780755995424 | ||
| 035 | _a(Sirsi) u150640 | ||
| 041 | 0 | _aeng | |
| 110 | 2 |
_aScotland _bScottish Government _95344 |
|
| 245 | 0 | 0 |
_aHome Owner and Debtor Protection (Scotland) Act 2010 _bguidance on lay representation _h[electronic resource] |
| 260 |
_aEdinburgh _bScottish Government _c2010 |
||
| 520 | _aThis guidance relates to the Conveyancing and Feudal Reform (Scotland) Act 1970 S24E and the Heritable Securities (Scotland) Act 1894 S5F, as introduced by the Home Owner and Debtor Protection (Scotland) Act 2010, and the Lay Representation in Proceedings Relating to Residential Property (Scotland) Order 2010, which allow for lay representation of home owners in court proceedings for possession of residential property. | ||
| 590 | _aKA | ||
| 650 | 2 | 4 | _aLAY REPRESENTATION IN PROCEEDINGS RELATING TO RESIDENTIAL PROPERTY (SCOTLAND) ORDER 2010 |
| 650 | 2 | 4 | _aHOME OWNER AND DEBTOR PROTECTION (SCOTLAND) ACT 2010 |
| 650 | 2 | 4 | _aHERITABLE SECURITIES (SCOTLAND) ACT 1894 |
| 650 | 2 | 4 | _aCONVEYANCING AND FEUDAL REFORM (SCOTLAND) ACT 1970 |
| 651 | 4 |
_aScotland _y1999- |
|
| 690 | _aPROPERTY-RESIDENTIAL PROPERTY-DOMESTIC RESIDENTIAL PROPERTY-HOUSING | ||
| 856 | 4 | 0 |
_uhttps://www.scotland.gov.uk/Publications/2010/08/03135201/0 _zView the guidance free of charge at www.scotland.gov.uk |
| 942 | _n0 | ||
| 999 |
_c110932 _d110932 |
||